| Tag |
First Indicator |
Second Indicator |
Subfields |
| LEADER |
00000cam a2200000 a 4500 |
| 001 |
in00001802821 |
| 005 |
20211202201323.0 |
| 008 |
031218s2003 cauab b f000 0 eng |
| 010 |
|
|
|a 2003373968
|
| 035 |
|
|
|a (OCoLC)ocm54400643
|
| 040 |
|
|
|a DLC
|c DLC
|d GPO
|d MvI
|d UtOrBLW
|
| 042 |
|
|
|a pcc
|
| 043 |
|
|
|a n-us-ca
|
| 049 |
|
|
|a UDOC
|
| 049 |
|
|
|a WWW
|
| 050 |
0 |
0 |
|a GB701
|b .W375 no. 03-4065
|a GB1025.C2
|
| 074 |
|
|
|a 0624-B
|
| 074 |
|
|
|a 0624-B (online)
|
| 086 |
0 |
|
|a I 19.42/4:03-4065
|
| 245 |
0 |
0 |
|a Geohydrology, geochemistry, and ground-water simulation-optimization of the Central and West Coast basins, Los Angeles County, California /
|c by Eric G. Reichard [and others] ; prepared in cooperation with the Water Replenishment District of Southern California.
|
| 264 |
|
1 |
|a Sacramento, Calif. :
|b U.S. Geological Survey ;
|c 2003.
|
| 264 |
|
2 |
|a Denver, CO :
|b U.S. Geological Survey, Information Services [distributor],
|
| 300 |
|
|
|a xi, 184 pages :
|b illustrations (chiefly color), color maps ;
|c 28 cm.
|
| 336 |
|
|
|a text
|b txt
|2 rdacontent
|
| 337 |
|
|
|a unmediated
|b n
|2 rdamedia
|
| 338 |
|
|
|a volume
|b nc
|2 rdacarrier
|
| 490 |
1 |
|
|a Water-resources investigations report ;
|v 03-4065
|
| 500 |
|
|
|a Shipping list number: 2004-0048-P.
|
| 500 |
|
|
|a Shipping List Date: 12/12/2003
|
| 504 |
|
|
|a Includes bibliographical references (pages 156-159).
|
| 530 |
|
|
|a Also available via Internet at the USGS web site. Address as of 02/28/04: http://water.usgs.gov/pubs/wri/wrir034065/wrir034065.pdf; current access available via PURL.
|
| 650 |
|
0 |
|a Groundwater flow
|z California
|z Los Angeles County
|x Mathematical models.
|
| 650 |
|
0 |
|a Hydrogeology
|z California
|z Los Angeles County
|x Mathematical models.
|
| 650 |
|
0 |
|a Geochemistry
|z California
|z Los Angeles County
|x Mathematical models.
|
| 776 |
1 |
|
|t Geohydrology, geochemistry, and ground-water simulation-optimization of the central and west coast basins, Los Angeles County, California
|w (OCoLC)53092418
|
| 700 |
1 |
|
|a Reichard, Eric George.
|
| 710 |
2 |
|
|a Water Replenishment District of Southern California.
|
| 830 |
|
0 |
|a Water-resources investigations report ;
|v 03-4065.
|
| 856 |
4 |
1 |
|u https://purl.fdlp.gov/GPO/LPS44765
|t 0
|
| 999 |
|
|
|a MARS
|
| 999 |
f |
f |
|s 455df58e-6d08-35ee-b394-69c81373e2e0
|i 6d49191a-0e39-317a-bb14-48fbb3e88040
|t 0
|
| 952 |
f |
f |
|p normal
|a Texas A&M University
|b College Station
|c Sterling C. Evans Library
|d Evans: US Documents (Annex 5th floor)
|t 0
|e I 19.42/4:03-4065
|h Superintendent of Documents classification
|i unmediated -- volume
|m A14830571664
|
| 952 |
f |
f |
|a Texas A&M University
|b College Station
|c Electronic Resources
|d Available Online
|t 0
|e I 19.42/4:03-4065
|h Superintendent of Documents classification
|
| 998 |
f |
f |
|a I 19.42/4:03-4065
|t 0
|l Evans: US Documents (Annex 5th floor)
|
| 998 |
f |
f |
|a I 19.42/4:03-4065
|t 0
|l Available Online
|